000 00590nam a2200193 i 4500
001 88371
003 ES-MaACL
005 20230906175840.0
007 t|
008 050104s1978 sp ||||1| spa d
100 1 _aLaing, Ronald David.
_969695
245 1 3 _aLa política de la experiencia
_b: ; El ave del paraíso /
_cRonald D. Laing ; traducción de Silvia Furió.
250 _a[2ª ed.].
260 _aBarcelona :
_bCrítica,
_c[1978]
300 _a165 p. ;
_c20 cm.
700 1 _aFurió, Silvia.
_953039
740 3 _aEl ave del paraíso.
852 _aES-MaACL
_jA-10216
_bR.98346
999 _c88371
_d88371